000 00467nam a2200169 a 4500
999 _c2812
_d2812
020 _a0935702040 (hardcover)
020 _a9780935702040 (hardcover)
082 _a543.0873MCL
100 1 _aMclafferty, F.w.
245 1 0 _aInterpretation of Mass Spectra
250 _a3rd ed.
260 _aCalifornia
_bUniv Science Books,
_c1980.
300 _aXVII,303 p. ;
650 _aMass spectrometry
856 4 0 _uhttp://10.10.170.122:8080/browse/book/24618
942 _cBK